<?xml version="1.0" encoding="UTF-8"?>
<record
    xmlns:xsi="http://www.w3.org/2001/XMLSchema-instance"
    xsi:schemaLocation="http://www.loc.gov/MARC21/slim http://www.loc.gov/standards/marcxml/schema/MARC21slim.xsd"
    xmlns="http://www.loc.gov/MARC21/slim">

  <leader>00889nam a22002177a 4500</leader>
  <controlfield tag="001">76122</controlfield>
  <controlfield tag="003">BD-RjUL</controlfield>
  <controlfield tag="005">20220106150653.0</controlfield>
  <controlfield tag="008">191029s2003       ||||| |||| 001 0 eng d</controlfield>
  <datafield tag="035" ind1=" " ind2=" ">
    <subfield code="a">(BD-RjUL)76343</subfield>
  </datafield>
  <datafield tag="040" ind1=" " ind2=" ">
    <subfield code="a">BD-RjUL</subfield>
    <subfield code="b">eng</subfield>
    <subfield code="c">BD-RjUL</subfield>
  </datafield>
  <datafield tag="041" ind1=" " ind2=" ">
    <subfield code="a">eng</subfield>
  </datafield>
  <datafield tag="082" ind1=" " ind2=" ">
    <subfield code="2">23</subfield>
    <subfield code="a">297.1226</subfield>
    <subfield code="b">TAF 2003</subfield>
  </datafield>
  <datafield tag="100" ind1=" " ind2=" ">
    <subfield code="a">&#x62D;&#x633;&#x64A;&#x646;,  &#x645;&#x62D;&#x645;&#x62F; &#x628;&#x644;&#x627;&#x644; ;; Hussain,  Muhammad Belal </subfield>
    <subfield code="9">234183</subfield>
  </datafield>
  <datafield tag="245" ind1=" " ind2=" ">
    <subfield code="a">&#x62F;&#x631;&#x627;&#x633;&#x627;&#x62A; &#x639;&#x644;&#x649; &#x62A;&#x641;&#x633;&#x64A;&#x631;&#x627;&#x644;&#x643;&#x634;&#x627;&#x641; &#x648;&#x62A;&#x641;&#x633;&#x64A;&#x631;&#x627;&#x644;&#x628;&#x64A;&#x636;&#x627;&#x648;&#x626; &#x624;&#x627;&#x644;&#x645;&#x642;&#x627;&#x631;&#x646;&#x629; &#x627;&#x644;&#x627;&#x639;&#x62A;&#x642;&#x627;&#x62F;&#x64A;&#x629; &#x628;&#x64A;&#x646;&#x647;&#x645;&#x627; Dirasat ella Tafsir al kashaf wa tafshir al baizavi walmuqaranat waletiqadat baynahum /</subfield>
    <subfield code="c"> Muhammad Belal Husain  &#x645;&#x62D;&#x645;&#x62F; &#x628;&#x644;&#x627;&#x644; &#x62D;&#x633;&#x64A;&#x646;</subfield>
  </datafield>
  <datafield tag="260" ind1=" " ind2=" ">
    <subfield code="a">&#x631;&#x627;&#x62C;&#x634;&#x627;&#x647;&#x626;  :</subfield>
    <subfield code="b"> ; &#x645;&#x631;&#x643;&#x632; &#x627;&#x644;&#x628;&#x62D;&#x624;&#x62B; &#x627;&#x644;&#x627;&#x633;&#x644;&#x627;&#x645;&#x626;&#x629;</subfield>
    <subfield code="c">2003</subfield>
  </datafield>
  <datafield tag="300" ind1=" " ind2=" ">
    <subfield code="a">&#x663;&#x665;&#x668; p. ;</subfield>
    <subfield code="c">22 cm</subfield>
  </datafield>
  <datafield tag="504" ind1=" " ind2=" ">
    <subfield code="a">Includes Index</subfield>
  </datafield>
  <datafield tag="650" ind1=" " ind2=" ">
    <subfield code="a">&#x62A;&#x641;&#x633;&#x64A;&#x631; &#x627;&#x644;&#x642;&#x631;&#x627;&#x646;</subfield>
    <subfield code="9">234184</subfield>
  </datafield>
  <datafield tag="942" ind1=" " ind2=" ">
    <subfield code="2">ddc</subfield>
    <subfield code="c">BK</subfield>
  </datafield>
  <datafield tag="999" ind1=" " ind2=" ">
    <subfield code="c">76122</subfield>
    <subfield code="d">76122</subfield>
  </datafield>
  <datafield tag="952" ind1=" " ind2=" ">
    <subfield code="0">0</subfield>
    <subfield code="1">0</subfield>
    <subfield code="2">ddc</subfield>
    <subfield code="4">0</subfield>
    <subfield code="7">1</subfield>
    <subfield code="8">NFIC</subfield>
    <subfield code="a">RUCL</subfield>
    <subfield code="b">RUCL</subfield>
    <subfield code="c">Reading</subfield>
    <subfield code="d">2003-05-10</subfield>
    <subfield code="e">Author</subfield>
    <subfield code="g">300.00</subfield>
    <subfield code="l">0</subfield>
    <subfield code="o">A 297.1226 TAF 2003</subfield>
    <subfield code="r">2019-10-29 00:00:00</subfield>
    <subfield code="t">C-1</subfield>
    <subfield code="w">2021-12-09</subfield>
    <subfield code="y">BK</subfield>
  </datafield>
  <datafield tag="952" ind1=" " ind2=" ">
    <subfield code="0">0</subfield>
    <subfield code="1">0</subfield>
    <subfield code="2">ddc</subfield>
    <subfield code="4">0</subfield>
    <subfield code="7">0</subfield>
    <subfield code="8">NFIC</subfield>
    <subfield code="a">RUCL</subfield>
    <subfield code="b">RUCL</subfield>
    <subfield code="c">Stack</subfield>
    <subfield code="d">2003-06-18</subfield>
    <subfield code="e">Author</subfield>
    <subfield code="g">300.00</subfield>
    <subfield code="l">0</subfield>
    <subfield code="o">A 297.1226 TAF 2003</subfield>
    <subfield code="r">2021-09-13 00:00:00</subfield>
    <subfield code="t">C-2</subfield>
    <subfield code="w">2021-09-13</subfield>
    <subfield code="y">BK</subfield>
  </datafield>
  <datafield tag="952" ind1=" " ind2=" ">
    <subfield code="0">0</subfield>
    <subfield code="1">0</subfield>
    <subfield code="2">ddc</subfield>
    <subfield code="4">0</subfield>
    <subfield code="7">0</subfield>
    <subfield code="8">NFIC</subfield>
    <subfield code="a">RUCL</subfield>
    <subfield code="b">RUCL</subfield>
    <subfield code="c">Stack</subfield>
    <subfield code="d">2003-06-18</subfield>
    <subfield code="e">Author</subfield>
    <subfield code="g">300.00</subfield>
    <subfield code="l">0</subfield>
    <subfield code="o">A 297.1226 TAF 2003</subfield>
    <subfield code="r">2021-09-13 00:00:00</subfield>
    <subfield code="t">C-3</subfield>
    <subfield code="w">2021-12-09</subfield>
    <subfield code="y">BK</subfield>
  </datafield>
  <datafield tag="952" ind1=" " ind2=" ">
    <subfield code="0">0</subfield>
    <subfield code="1">0</subfield>
    <subfield code="2">ddc</subfield>
    <subfield code="4">0</subfield>
    <subfield code="7">0</subfield>
    <subfield code="8">NFIC</subfield>
    <subfield code="a">RUCL</subfield>
    <subfield code="b">RUCL</subfield>
    <subfield code="c">GEN</subfield>
    <subfield code="d">2003-01-18</subfield>
    <subfield code="e">Author</subfield>
    <subfield code="g">300.00</subfield>
    <subfield code="l">0</subfield>
    <subfield code="o">A 297.1226 TAF 2003</subfield>
    <subfield code="r">2022-01-06 00:00:00</subfield>
    <subfield code="t">C-4</subfield>
    <subfield code="w">2022-01-06</subfield>
    <subfield code="y">BK</subfield>
  </datafield>
  <datafield tag="952" ind1=" " ind2=" ">
    <subfield code="0">0</subfield>
    <subfield code="1">0</subfield>
    <subfield code="2">ddc</subfield>
    <subfield code="4">0</subfield>
    <subfield code="7">0</subfield>
    <subfield code="8">NFIC</subfield>
    <subfield code="a">RUCL</subfield>
    <subfield code="b">RUCL</subfield>
    <subfield code="c">GEN</subfield>
    <subfield code="d">2003-01-18</subfield>
    <subfield code="e">Author</subfield>
    <subfield code="g">300.00</subfield>
    <subfield code="o">A 297.1226 TAF 2003</subfield>
    <subfield code="r">2022-01-06 00:00:00</subfield>
    <subfield code="t">C-5</subfield>
    <subfield code="y">BK</subfield>
  </datafield>
  <datafield tag="952" ind1=" " ind2=" ">
    <subfield code="0">0</subfield>
    <subfield code="1">0</subfield>
    <subfield code="2">ddc</subfield>
    <subfield code="4">0</subfield>
    <subfield code="7">0</subfield>
    <subfield code="8">NFIC</subfield>
    <subfield code="a">RUCL</subfield>
    <subfield code="b">RUCL</subfield>
    <subfield code="c">GEN</subfield>
    <subfield code="d">2003-01-18</subfield>
    <subfield code="e">Author</subfield>
    <subfield code="g">300.00</subfield>
    <subfield code="o">A 297.1226 TAF 2003</subfield>
    <subfield code="r">2022-01-06 00:00:00</subfield>
    <subfield code="t">C-6</subfield>
    <subfield code="y">BK</subfield>
  </datafield>
  <datafield tag="952" ind1=" " ind2=" ">
    <subfield code="0">0</subfield>
    <subfield code="1">0</subfield>
    <subfield code="2">ddc</subfield>
    <subfield code="4">0</subfield>
    <subfield code="7">0</subfield>
    <subfield code="8">NFIC</subfield>
    <subfield code="a">RUCL</subfield>
    <subfield code="b">RUCL</subfield>
    <subfield code="c">GEN</subfield>
    <subfield code="d">2003-01-18</subfield>
    <subfield code="e">Author</subfield>
    <subfield code="g">300.00</subfield>
    <subfield code="o">A 297.1226 TAF 2003</subfield>
    <subfield code="r">2022-01-06 00:00:00</subfield>
    <subfield code="t">C-7</subfield>
    <subfield code="y">BK</subfield>
  </datafield>
  <datafield tag="952" ind1=" " ind2=" ">
    <subfield code="0">0</subfield>
    <subfield code="1">0</subfield>
    <subfield code="2">ddc</subfield>
    <subfield code="4">0</subfield>
    <subfield code="7">0</subfield>
    <subfield code="8">NFIC</subfield>
    <subfield code="a">RUCL</subfield>
    <subfield code="b">RUCL</subfield>
    <subfield code="c">GEN</subfield>
    <subfield code="d">2003-01-18</subfield>
    <subfield code="e">Author</subfield>
    <subfield code="g">300.00</subfield>
    <subfield code="o">A 297.1226 TAF 2003</subfield>
    <subfield code="r">2022-01-06 00:00:00</subfield>
    <subfield code="t">C-8</subfield>
    <subfield code="y">BK</subfield>
  </datafield>
  <datafield tag="952" ind1=" " ind2=" ">
    <subfield code="0">0</subfield>
    <subfield code="1">0</subfield>
    <subfield code="2">ddc</subfield>
    <subfield code="4">0</subfield>
    <subfield code="7">0</subfield>
    <subfield code="8">NFIC</subfield>
    <subfield code="a">RUCL</subfield>
    <subfield code="b">RUCL</subfield>
    <subfield code="c">GEN</subfield>
    <subfield code="d">2003-01-18</subfield>
    <subfield code="e">Author</subfield>
    <subfield code="g">300.00</subfield>
    <subfield code="o">A 297.1226 TAF 2003</subfield>
    <subfield code="r">2022-01-06 00:00:00</subfield>
    <subfield code="t">C-9</subfield>
    <subfield code="y">BK</subfield>
  </datafield>
  <datafield tag="952" ind1=" " ind2=" ">
    <subfield code="0">0</subfield>
    <subfield code="1">0</subfield>
    <subfield code="2">ddc</subfield>
    <subfield code="4">0</subfield>
    <subfield code="7">0</subfield>
    <subfield code="8">NFIC</subfield>
    <subfield code="a">RUCL</subfield>
    <subfield code="b">RUCL</subfield>
    <subfield code="c">GEN</subfield>
    <subfield code="d">2003-01-18</subfield>
    <subfield code="e">Author</subfield>
    <subfield code="g">300.00</subfield>
    <subfield code="o">A 297.1226 TAF 2003</subfield>
    <subfield code="r">2022-01-06 00:00:00</subfield>
    <subfield code="t">C-10</subfield>
    <subfield code="y">BK</subfield>
  </datafield>
</record>
